000 00778nam a22002417a 4500
001 4977
003 FISKH
005 20251023113409.0
008 241030b cb ||||| |||| 00| 0 eng d
020 _a9780545486613
040 _aFISKH
_beng
_cFISKH
_dFISKH
082 _a636.70886
100 _aStamper, Judith Bauer
_d(1947-)
245 _aDetector dogs canines that save lives /
_cJudith Bauer Stamper
250 _a2014.
260 _aNew York :
_bScholastic,
_c2014.
300 _a64 pages :
_bColor illustrations ;
_c23 cm
520 _aExplains how a dog's sense of smell works, and how specific dog breeds are trained to sniff out bombs.
650 _2Non-fiction
_aInformational
_vCommunity helpers
650 _2Dogs
_aHeroes
942 _2ddc
_cBK
_n0
999 _c4977
_d4977